| 000 | 01250cam a2200373 i 4500 | ||
|---|---|---|---|
| 001 | 106761 | ||
| 005 | 20230410123943.0 | ||
| 008 | 120425b2000 mx a 000 0 spa | ||
| 020 | _a9681658302 | ||
| 041 | 0 | _aspa | |
| 050 | 1 | 4 |
_aLB 1042 _bG481c 2000 |
| 082 | 0 | 0 | _a372.4 |
| 100 | 1 | _aGillig, Jean-Marie. | |
| 245 | 1 | 3 |
_aEl cuento en pedagogía y en reeducación : / _cJean-Marie Gillig ; traducción Renée Lilian González de la Lama. |
| 260 |
_aMéxico : _bFondo de Cultura Económica, _c2000 |
||
| 300 |
_a270 p. : _bil ; _c21cm. |
||
| 490 | 0 | _aSección de obras de educación y pedagogía | |
| 500 | _aTraducido de: Le conte en pédagogie et en reeducation | ||
| 504 | _aIncluye bibliografías e índice. | ||
| 650 | 0 |
_aEducation, Elementary _xActivity programs. |
|
| 650 | 0 | _aRemedial teaching. | |
| 650 | 0 | _aStorytelling. | |
| 650 | 4 | _aArte de escribir. | |
| 650 | 4 |
_aCuento _xHistoria y crítica. |
|
| 650 | 4 | _aCreación literaria. | |
| 650 | 4 | _aLibros y lectura. | |
| 650 | 4 | _aPromoción de la escritura. | |
| 650 | 4 |
_aCuento _xAspectos psicológicos. |
|
| 650 | 4 | _aCuento en la educación. | |
| 650 | 4 | _aPromoción de la lectura. | |
| 700 | 1 | _aGonzález de la Lama, Ree Lilian | |
| 942 |
_2lcc _cbk |
||
| 946 | _aSH | ||
| 999 |
_c68699 _d68699 |
||